[Event "Bad Wiessee Senioren Cup 8th"]
[Site "Bad Wiessee"]
[Date "2019.05.13"]
[Round "3"]
[White "Siewert, Wolfgang"]
[Black "Bardin, Christian"]
[Result "1/2-1/2"]
[WhiteElo "1807"]
[BlackElo "1583"]
[PlyCount "164"]
[EventDate "2019.05.11"]
[EventType "swiss"]
[EventRounds "9"]
[EventCountry "GER"]
[SourceTitle "EXT 2020"]
[Source "ChessBase"]
[SourceDate "2019.10.17"]
[SourceVersion "1"]
[SourceVersionDate "2019.10.17"]
[SourceQuality "1"]

1. Nf3 Nf6 2. c4 c5 3. g3 Nc6 4. Bg2 e5 5. Nc3 Be7 6. d3 0-0 7. 0-0 d6 8. a3 a6 9. Rb1 Rb8 10. Bd2 Bd7 11. Ne1 Qc8 12. Nc2 Bh3 13. Ne3 Bxg2 14. Kxg2 Nd4 15. Ned5 Nxd5 16. Nxd5 Re8 17. e3 Ne6 18. b4 Ng5 19. f4 Qh3+ 20. Kh1 Ne6 21. f5 Ng5 22. e4 Bd8 23. bxc5 dxc5 24. Rf2 h5 25. Bxg5 Bxg5 26. Rfb2 h4 27. Qg1 hxg3 28. Qxg3 Qxg3 29. hxg3 b5 30. cxb5 axb5 31. Rxb5 Rxb5 32. Rxb5 Ra8 33. Rxc5 Rxa3 34. Rc8+ Kh7 35. Rc3 Rxc3 36. Nxc3 Be3 37. Kg2 f6 38. Kf3 Bb6 39. Nd5 Bc5 40. Kg4 Kh6 41. Nc7 Bd6 42. Ne6 Be7 43. d4 exd4 44. Nxd4 Bd6 45. Ne6 Be7 46. Nf4 Bd6 47. Kh4 Be5 48. Nd3 Bd6 49. Nf2 Kh7 50. Ng4 Bc7 51. Kh3 Bd6 52. Kg2 Bc7 53. Kf3 Bd6 54. Ne3 Kh6 55. Kg4 Bc7 56. Nd5 Bd6 57. Nf4 Bc7 58. Ne6 Bd6 59. Kh4 Bb4 60. g4 Be1+ 61. Kh3 Bf2 62. Kg2 Be1 63. Kf3 Bd2 64. Ke2 Bc1 65. Kd3 Bb2 66. Kc4 g5 67. Kd5 Kh7 68. Nxg5+ fxg5 69. e5 Kg7 70. Ke6 Kf8 71. Kf6 Bc1 72. Kg6 Ke7 73. f6+ Ke6 74. f7 Ba3 75. Kxg5 Kxe5 76. Kg6 Bf8 77. Kh7 Kf6 78. Kg8 Bh6 79. Kh7 Bf8 80. Kg8 Bd6 81. g5+ Kxg5 82. f8Q Bxf8 1/2-1/2

[Event "Wch Seniors 65 26th"]
[Site "Marianske Lazne"]
[Date "2016.11.28"]
[Round "9"]
[White "Flockerzi, Armin"]
[Black "Siewert, Wolfgang"]
[Result "1/2-1/2"]
[WhiteElo "1860"]
[BlackElo "1753"]
[PlyCount "54"]
[EventDate "2016.11.19"]
[EventType "swiss"]
[EventRounds "11"]
[EventCountry "CZE"]
[SourceTitle "CBM 175 Extra"]
[Source "ChessBase"]
[SourceDate "2016.12.12"]
[SourceVersion "1"]
[SourceVersionDate "2016.12.12"]
[SourceQuality "1"]

1. d4 Nf6 2. c4 e5 3. d5 Bc5 4. Nc3 a6 5. e4 d6 6. Be2 h6 7. h3 Nbd7 8. Qc2 Nf8 9. Na4 Bb4+ 10. Bd2 Bxd2+ 11. Kxd2 Bd7 12. Nc3 Ng6 13. g3 c5 14. Nf3 Qa5 15. b3 Rb8 16. Ke1 Nxe4 17. Rc1 Qxc3+ 18. Qxc3 Nxc3 19. Rxc3 f5 20. Nd2 Kd8 21. f3 Kc7 22. Kd1 Rhe8 23. Bd3 Ne7 24. Kc2 g5 25. a3 h5 26. b4 b6 27. Be2 Ng6 1/2-1/2

[Event "Wch Seniors 65 26th"]
[Site "Marianske Lazne"]
[Date "2016.11.21"]
[Round "3"]
[White "Mortensen, Steen Juul"]
[Black "Siewert, Wolfgang"]
[Result "1/2-1/2"]
[WhiteElo "1975"]
[BlackElo "1753"]
[PlyCount "40"]
[EventDate "2016.11.19"]
[EventType "swiss"]
[EventRounds "11"]
[EventCountry "CZE"]
[SourceTitle "CBM 175 Extra"]
[Source "ChessBase"]
[SourceDate "2016.12.12"]
[SourceVersion "1"]
[SourceVersionDate "2016.12.12"]
[SourceQuality "1"]

1. d4 g6 2. c4 Bg7 3. Nc3 Nf6 4. e4 d6 5. Nf3 0-0 6. Be2 c5 7. 0-0 cxd4 8. Nxd4 Nc6 9. Nc2 Nd7 10. Be3 Nc5 11. f3 b6 12. Qd2 a5 13. Rab1 Bb7 14. b3 Qd7 15. Nd5 Qd8 16. a3 e6 17. Nxb6 Qxb6 18. b4 axb4 19. axb4 Nxe4 20. fxe4 Qc7 1/2-1/2

[Event "Sachsen-ch Seniors op"]
[Site "Dresden"]
[Date "2016.11.04"]
[Round "5"]
[White "Krien, Hartmut"]
[Black "Siewert, Wolfgang"]
[Result "1-0"]
[WhiteElo "1748"]
[BlackElo "1732"]
[PlyCount "69"]
[EventDate "2016.10.31"]
[EventType "swiss"]
[EventRounds "9"]
[EventCountry "GER"]
[SourceTitle "EXT 2019"]
[Source "ChessBase"]
[SourceDate "2018.10.10"]
[SourceVersion "1"]
[SourceVersionDate "2018.10.10"]
[SourceQuality "1"]

1. e4 g6 2. d4 Bg7 3. f4 d5 4. e5 c5 5. c3 cxd4 6. cxd4 Nc6 7. Nc3 a6 8. Be3 Nh6 9. Be2 Nf5 10. Bf2 h5 11. Nf3 Bh6 12. Ng5 Bxg5 13. fxg5 Be6 14. Rc1 Qa5 15. Qd2 Rc8 16. 0-0 b5 17. Bf3 Qd8 18. Ne2 Qb6 19. Rc5 0-0 20. Rfc1 Na5 21. Bxd5 Nc4 22. Bxc4 bxc4 23. Rxc8 Rxc8 24. d5 Qd8 25. Nc3 Bd7 26. Rd1 Qc7 27. d6 exd6 28. Nd5 Qb7 29. exd6 Be6 30. d7 Rd8 31. Bb6 Rxd7 32. Nf6+ Kg7 33. Nxd7 Bxd7 34. Bd4+ Kh7 35. Bf6 1-0

[Event "Sachsen-ch Seniors op"]
[Site "Dresden"]
[Date "2016.10.31"]
[Round "1"]
[White "Kempe, Rainer"]
[Black "Siewert, Wolfgang"]
[Result "1/2-1/2"]
[WhiteElo "1989"]
[BlackElo "1732"]
[PlyCount "52"]
[EventDate "2016.10.31"]
[EventType "swiss"]
[EventRounds "9"]
[EventCountry "GER"]
[SourceTitle "EXT 2019"]
[Source "ChessBase"]
[SourceDate "2018.10.10"]
[SourceVersion "1"]
[SourceVersionDate "2018.10.10"]
[SourceQuality "1"]

1. e4 g6 2. d4 Bg7 3. Nf3 c5 4. Be3 Qb6 5. b3 Nc6 6. c3 cxd4 7. Nxd4 Qc7 8. Nd2 Nf6 9. Rc1 d5 10. f3 0-0 11. Bf2 e5 12. Nxc6 Qxc6 13. exd5 Nxd5 14. c4 Nf6 15. Be3 Re8 16. Be2 h5 17. 0-0 Bf8 18. Qc2 Bc5 19. Bxc5 Qxc5+ 20. Kh1 Bf5 21. Ne4 Bxe4 22. fxe4 Ng4 23. Bd3 Qd4 24. Rf3 Rad8 25. Qe2 Nf2+ 26. Rxf2 Qxd3 1/2-1/2

[Event "Pyramiden Franken Cup"]
[Site "Fuerth"]
[Date "2016.09.03"]
[Round "5"]
[White "Siewert, Wolfgang"]
[Black "Boese, Christina"]
[Result "1-0"]
[WhiteElo "1736"]
[BlackElo "1555"]
[PlyCount "53"]
[EventDate "2016.09.01"]
[EventType "swiss"]
[EventRounds "7"]
[EventCountry "GER"]
[SourceTitle "CBM 174 Extra"]
[Source "ChessBase"]
[SourceDate "2016.10.10"]
[SourceVersion "1"]
[SourceVersionDate "2016.10.10"]
[SourceQuality "1"]

1. c4 e6 2. Nf3 Nf6 3. g3 b6 4. Bg2 Bb7 5. 0-0 d5 6. b3 c5 7. Bb2 Bd6 8. e3 0-0 9. cxd5 exd5 10. d4 Nbd7 11. Nc3 a6 12. Rc1 Rc8 13. Qe2 c4 14. Nd2 b5 15. bxc4 bxc4 16. Ncb1 Qb6 17. Bc3 Bb4 18. Bxb4 Qxb4 19. Nc3 Rb8 20. Qd1 Bc6 21. Qc2 Qb2 22. Nxc4 Qxc2 23. Rxc2 dxc4 24. Bxc6 Rb6 25. Bxd7 Nxd7 26. Rfc1 Rfb8 27. Na4 1-0

[Event "Pyramiden Franken Cup"]
[Site "Fuerth"]
[Date "2016.09.02"]
[Round "2"]
[White "Siewert, Wolfgang"]
[Black "Herlan, Klaus Juergen"]
[Result "0-1"]
[WhiteElo "1736"]
[BlackElo "1977"]
[PlyCount "76"]
[EventDate "2016.09.01"]
[EventType "swiss"]
[EventRounds "7"]
[EventCountry "GER"]
[SourceTitle "CBM 174 Extra"]
[Source "ChessBase"]
[SourceDate "2016.10.10"]
[SourceVersion "1"]
[SourceVersionDate "2016.10.10"]
[SourceQuality "1"]

1. d4 d5 2. c4 c6 3. cxd5 cxd5 4. Nc3 Nf6 5. Nf3 Nc6 6. Bf4 a6 7. e3 Nh5 8. Bg3 Nxg3 9. hxg3 e6 10. a3 b5 11. Rc1 Bb7 12. Bd3 g6 13. b4 Bg7 14. Qb3 Qe7 15. Rb1 0-0 16. a4 bxa4 17. Nxa4 e5 18. dxe5 Nxe5 19. Nxe5 Bxe5 20. Nc5 Rfc8 21. Be2 a5 22. Nxb7 Qxb7 23. 0-0 a4 24. Qa2 a3 25. Bf3 Ra7 26. Bxd5 Qc7 27. Rb3 Bb2 28. Rxb2 axb2 29. Qxb2 Qd6 30. e4 Rb8 31. Rb1 Rc7 32. b5 Qb6 33. Qa2 Ra7 34. Qb3 Rc7 35. Qa2 Qc5 36. Qb3 Rb6 37. Qe3 Rxb5 38. Qxc5 Rxb1+ 0-1

[Event "Pyramiden Franken Cup"]
[Site "Fuerth"]
[Date "2015.09.04"]
[Round "3"]
[White "Lange, Carsten"]
[Black "Siewert, Wolfgang"]
[Result "1/2-1/2"]
[WhiteElo "2055"]
[BlackElo "1759"]
[PlyCount "138"]
[EventDate "2015.09.03"]
[EventType "swiss"]
[EventRounds "7"]
[EventCountry "GER"]
[SourceTitle "EXT 2016"]
[Source "ChessBase"]
[SourceDate "2015.10.08"]
[SourceVersion "1"]
[SourceVersionDate "2015.10.08"]
[SourceQuality "1"]

1. Nf3 d5 2. c4 dxc4 3. Qa4+ Bd7 4. Qxc4 Nf6 5. Qc2 Bc6 6. Nc3 Nbd7 7. d4 e6 8. e4 Nb6 9. Bd3 g6 10. 0-0 Bg7 11. h3 0-0 12. Bg5 h6 13. Be3 Nh7 14. Rad1 Be8 15. Rfe1 Qe7 16. a3 Rc8 17. Qc1 h5 18. b4 c6 19. Qb1 Nd7 20. Na4 b5 21. Nc3 Nb6 22. Rc1 Qb7 23. e5 Ra8 24. Ne4 a5 25. Nc5 Qe7 26. Bd2 a4 27. Rcd1 Nd5 28. Qc1 Bd7 29. Ne4 Nb6 30. Nfg5 f6 31. Nxh7 Kxh7 32. f4 f5 33. Ng5+ Kg8 34. Be3 Bh6 35. Nf3 Nd5 36. Bb1 Nxe3 37. Qxe3 Kf7 38. g3 Rh8 39. Rf1 Rag8 40. h4 Rc8 41. Rc1 Rhe8 42. Rc3 Qd8 43. Rfc1 Qb6 44. Bd3 Qb7 45. Be2 Kg7 46. Ne1 Kf7 47. Nd3 Bf8 48. Bf3 Qb6 49. Rd1 Be7 50. Nc5 Bxc5 51. dxc5 Qc7 52. Rcd3 Red8 53. Qd2 Ke7 54. Rd6 Be8 55. Qa2 Bd7 56. Qg2 Be8 57. Kf2 Kf7 58. Ke3 Rxd6 59. exd6 Qd7 60. Qb2 Qd8 61. Qe5 Bd7 62. Kd4 Qf6 63. Re1 Qxe5+ 64. fxe5 Rd8 65. Be2 Rb8 66. Rc1 Rc8 67. Ke3 Kg7 68. Rc3 Kh6 69. Kf4 Rb8 1/2-1/2